000 00516nam a2200217Ia 4500
003 OSt
005 20220924134854.0
006 a|||||r|||| 00| 0
007 ta
008 220923b |||||||| |||| 00| 0 ben d
024 _a287604
037 _cTextual
040 _aARTS
_cARTS
_bben
041 _2ben
_aben
082 _aJ, 157M0
100 _aDas O Bhaumik
_9209389
245 0 _aKirishi bigyan
260 _c1980
942 _hJ, 157M0
_cTEXL
_2CC
999 _c438886
_d438886